| 000 | 01384cam a22003257a 4500 | ||
|---|---|---|---|
| 001 | 15239236 | ||
| 005 | 20080908100800.0 | ||
| 008 | 080329s2008 maua b 001 0 eng d | ||
| 010 | _a 2008272880 | ||
| 020 | _a9780750687638 | ||
| 020 | _a0750687630 | ||
| 035 | _a(OCoLC)ocn182656704 | ||
| 040 |
_aYDXCP _cYDXCP _dBAKER _dBTCTA _dOIP _dIXA _dDLC |
||
| 042 | _alccopycat | ||
| 050 | 0 | 0 |
_aTA780 _b.R283 2008 |
| 082 |
_222 _a624.154 _bRAJ |
||
| 100 | 1 | _aRajapakse, Ruwan. | |
| 245 | 1 | 0 |
_aPile design and construction rules of thumb / _cRuwan Rajapakse. |
| 260 |
_aAmesterdam : _bElsevier/Butterworth-Heinemann, _cc2008. |
||
| 300 |
_avi, 444 p. : _bill. ; _c23 cm. |
||
| 504 | _aIncludes bibliographical references and index. | ||
| 650 | 0 | _aPiling (Civil engineering) | |
| 653 | 0 |
_aGeotechnical engineering _apile design _aconstruction |
|
| 653 | 0 |
_aStructures _aFoundations _aPiles |
|
| 856 | 4 | 1 |
_3Table of contents _uhttp://www.loc.gov/catdir/toc/fy0804/2008272880.html |
| 856 | 4 | 2 |
_3Publisher description _uhttp://www.loc.gov/catdir/enhancements/fy0838/2008272880-d.html |
| 942 |
_2ddc _cBB |
||
| 999 |
_c10952 _d10952 |
||